| 000 | 01144nam a2200253Ia 4500 | ||
|---|---|---|---|
| 003 | GCL | ||
| 008 | 140319s9999 xx 000 0 ara d | ||
| 040 |
_aGCL / _cGCL |
||
| 082 | 0 | 4 |
_aم _b953 _bا م |
| 100 | 1 | _aاحمد شلبى | |
| 245 | 1 | 0 |
_aموسوعة التاريخ الاسلامى والحضارة الاسلامية ( مج 7 ) : _bالاسلام والدول الاسلامية بالجزيرة العربية والعراق من مطلع الاسلام حتى الان / _cاحمد شلبى |
| 250 | _aالخامسة | ||
| 260 |
_aالقاهرة : _bمكتبة النهضة المصرية ، _c0 |
||
| 300 |
_a636 ص ؛ _c24 سم |
||
| 650 | 0 | 4 | _aالتاريخ الاسلامى |
| 650 | 0 | 4 | _aالحضارة الاسلامية |
| 650 | 0 | 4 | _aالسعودية - التاريخ الاسلامى |
| 650 | 0 | 4 | _aالجزيرة العربية - تاريخ اسلامى |
| 650 | 0 | 4 | _aعمان - تاريخ - العصر الاسلامى |
| 650 | 0 | 4 | _aاليمن - تاريخ اسلامى |
| 650 | 0 | 4 | _aالخليج العربى - تاريخ اسلامى |
| 650 | 0 | 4 | _aالعراق - تاريخ اسلامى |
| 942 |
_2ddc _cREF |
||
| 999 |
_c59306 _d59306 |
||